01166nam a22002297a 450000500170000000800410001702000150005804000250007311001230009824501520022130000750037350000480044850001510049650000600064765000310070765000460073865000340078470000380081870000240085670000260088070000300090620151107115725.0040928s2003 ck f fr 000 0 spa d a9588151201 aCo-BOIAVHcCo-BOIAVH2 aInstituto de Investigación de Recursos Biológicos Alexander von Humboldt. b Programa Inventarios de Biodiversidad10aTucanes de Colombia :bclase Aves - orden Piciformes - familia Ramphastidaeceds. M. Alvarez, A.M. Franco y S. Córdoba ; il. Robin Schiele-Zabala a21 láminas y 1 folleto de 5 páginasbilustraciones a colorc24 cm. aSerie Iconografía de especies colombianas aLa publicación de esta obra fue realizada con recursos del proyecto Conservación y uso sostenible de la biodiversidad en los Andes colombianos aColección ornitológica de Jorge Hernández Camacho17aAveszColombiavcatálogo17aEspecies amenazadaszColombiavcatálogo17aTucaneszColombiavcatálogo1 aSchiele-Zabala, Robineilustrador1 aAlvarez, M.eeditor1 aFranco, A. M.eeditor1 aCórdoba, Sergioeeditor